[Event "King Abdullah II op 3rd"]
[Site "Amman"]
[Date "2009.06.19"]
[Round "3"]
[White "Al Ashal, Mohamed"]
[Black "Barakat, Nafez"]
[Result "1/2-1/2"]
[WhiteElo "2085"]
[BlackElo "1853"]
[PlyCount "66"]
[EventDate "2009.06.18"]
[EventType "swiss"]
[EventRounds "9"]
[EventCountry "JOR"]
[SourceTitle "EXT 2022"]
[Source "ChessBase"]
[SourceDate "2021.10.06"]
[SourceVersion "1"]
[SourceVersionDate "2021.10.06"]
[SourceQuality "1"]

1. c4 Nf6 2. Nc3 g6 3. g3 Bg7 4. Bg2 d6 5. d3 e5 6. Nf3 0-0 7. Bg5 Nbd7 8. Qd2 a6 9. 0-0 Rb8 10. Rac1 Qe8 11. Ne1 Nc5 12. Nd5 Qe7 13. b4 Ne6 14. Bxf6 Bxf6 15. Nxf6+ Qxf6 16. Nc2 Ng5 17. Ne3 Nh3+ 18. Kh1 h5 19. c5 dxc5 20. Rxc5 c6 21. Nc4 Re8 22. Qe3 Ng5 23. f4 Ne6 24. Rxe5 Qd8 25. f5 Ng7 26. fxg6 fxg6 27. Qf4 Be6 28. a4 Qe7 29. Ne3 Rf8 30. Qe4 Rxf1+ 31. Bxf1 Qf7 32. Bg2 Rf8 33. h3 Kh7 1/2-1/2